Central Library and Information Centre
Sibsagar Girls' College, Sivasagar : Assam

SCILAB ( A FREE SOFTWARE TO MATLAB) (Record no. 22498)

MARC details
000 -LEADER
fixed length control field 00541cam a2200217ua 4500
008 - FIXED-LENGTH DATA ELEMENTS--GENERAL INFORMATION
fixed length control field 190624n2012 II |||gr||||Z||||||eng
040 ## - CATALOGING SOURCE
Original cataloging agency MAIN
041 ## - LANGUAGE CODE
-- English
041 ## - LANGUAGE CODE
-- eng
082 ## - DEWEY DECIMAL CLASSIFICATION NUMBER
Classification number 005.3 RAM
100 ## - MAIN ENTRY--PERSONAL NAME
Personal name RAMACHANDRAN, HEMA,
Relator term AUTHOR.
245 ## - TITLE STATEMENT
Title SCILAB ( A FREE SOFTWARE TO MATLAB)
250 ## - EDITION STATEMENT
Edition statement 1ST.
260 ## - PUBLICATION, DISTRIBUTION, ETC.
Place of publication, distribution, etc. NEW DELHI
Name of publisher, distributor, etc. S.CHAND & COMPANY
Date of publication, distribution, etc. 2012
300 ## - PHYSICAL DESCRIPTION
Extent 200:
Dimensions 21CM+
Accompanying material PB.
500 ## - GENERAL NOTE
General note RUSA MDC GRANT 2014-2017
700 ## - ADDED ENTRY--PERSONAL NAME
Personal name NAIR, A.S.S.,
Relator term AUTHOR.
942 ## - ADDED ENTRY ELEMENTS (KOHA)
Koha item type Books
653 ## - INDEX TERM--UNCONTROLLED
Uncontrolled term Software
Holdings
Withdrawn status Lost status Damaged status Not for loan Collection code Home library Current library Shelving location Date acquired Full call number Barcode Date last seen Copy number Price effective from Koha item type
        Reference book of Computer Science Central Library and Information Centre Sibsagar Girls College Central Library and Information Centre Sibsagar Girls College COMPUTER SC BOOK RACK 29.08.2017 005.3 RAM 35002 27.02.2020 1 27.02.2020 Books


Sibsagar Girl's College © 2020. All rights reserved.
Powered by Koha.
Maintained by Abhijit Borpuzari.